Maritime economics

Αποθηκεύτηκε σε:
Λεπτομέρειες βιβλιογραφικής εγγραφής
Κύριος συγγραφέας: Stopford, Martin
Μορφή: Βιβλίο
Γλώσσα:English
Δημοσίευση: London : Routledge, c1997
Έκδοση:2nd ed.
Θέματα:
Ετικέτες: Προσθήκη ετικέτας
Δεν υπάρχουν, Καταχωρήστε ετικέτα πρώτοι!

MARC

LEADER 00000cam a2200000 i 4500
001 1/51591
008 980310s1997 eng d
020 |a 0-415-15310-7 (pbk.) 
020 |a 0-415-15309-3 (hbk.) 
035 |l 10027199 
040 |a GR-MY-UA  |b gre  |e aacr 
041 0 |a eng 
082 0 |a 387.51 
100 1 |a Stopford, Martin. 
245 1 0 |a Maritime economics /  |c Martin Stopford 
250 |a 2nd ed. 
260 |a London :   |b Routledge,   |c c1997 
300 |a xxx, 562 σ.;  |c 25 εκ. 
504 |a Περιλαμβάνει βιβλιογραφία και ευρετήριο 
650 0 0 |a Merchant marine. 
650 0 0 |a Shipping. 
852 |a INST  |b CHIOS  |e 19980310  |h 387.51 STO  |p 005200009768  |q 005200009768  |t BK  |y 4  |x 20101029 
852 |a INST  |b CHIOS  |e 20010129  |h 387.51 STO  |p 005200016675  |q 005200016675  |t BK  |y 0 
852 |a INST  |b CHIOS  |e 20010122  |h 387.51 STO  |p 005200016941  |q 005200016941  |t BK  |y 0 
852 |a INST  |b CHIOS  |e 20001201  |h 387.51 STO  |p 005200017224  |q 005200017224  |t BK  |y 0 
852 |a INST  |b CHIOS  |e 20001201  |h 387.51 STO  |p 005200017225  |q 005200017225  |t BK  |y 0 
852 |a INST  |b CHIOS  |e 20000321  |h 387.51 STO  |p 005200018203  |q 005200018203  |t BK  |y 0 
852 |a INST  |b CHIOS  |e 20000321  |h 387.51 STO  |p 005200018205  |q 005200040094  |t BK  |y 0 
852 |a INST  |b CHIOS  |e 20000627  |h 387.51 STO  |p 005200018252  |q 005200040093  |t BK  |y 0 
852 |a INST  |b CHIOS  |e 20161115  |h 387.51 STO  |p 005200038425  |q 005200038425  |t BK  |y 0 
901 |a BIBL2-2000-1 
909 |a Χ  |b 075590 
909 |a Χ  |b 053846 
909 |a Χ  |b 075636 
909 |a Χ  |b 075639 
909 |a Χ  |b 076199 
909 |a Χ  |b 076198 
909 |a Χ  |b 076282 
909 |a X  |b 083156 
920 |a ΤΜΗΜΑ ΝΑΥΤΙΛΙΑΣ ΚΑΙ ΕΠΙΧΕΙΡΗΜΑΤΙΚΩΝ ΥΠΗΡΕΣΙΩΝ  |y ΧΙΟΣ  |z 2000-03 
920 |a ΤΜΗΜΑ ΝΑΥΤΙΛΙΑΣ ΚΑΙ ΕΠΙΧΕΙΡΗΜΑΤΙΚΩΝ ΥΠΗΡΕΣΙΩΝ  |y ΧΙΟΣ  |z 2000-12 
922 |a 2ΕΛΗ  |b 199803  |c ΤΔΕ  |d ΠΑΠΑΣΩΤΗΡΙΟΥ 
970 |z 2000/06/ΜΠΡΑΤΤΗΣ